000 00604nam a22001937a 4500
005 20251108170508.0
008 250721s9999 xx 000 0 ara d
082 1 4 _aط/ق / مغر
100 1 _aالمغربي، امل
245 1 0 _aالارنبان و الجزرة /
264 1 _aبيروت :
_bدار الفكر العربي،
_c[199-].
300 _a14ص. : مص
490 0 _aعصافير الجنة
_v6
650 1 7 _aالقصص العربية
653 _a(سنوات 5-0) أطفال ما قبل المدرسة
700 1 _aقطب، محمد
_eCart.
942 _2ddc
_cBK
999 _c41903
_d41903